| 000 | 01268cam a2200217 4500 | ||
|---|---|---|---|
| 001 | WB3835-06 | ||
| 008 | 020923n2002 000 0 eng u | ||
| 035 | _a(Sirsi) u119776 | ||
| 245 | _aNew international accounting standards | ||
| 260 | _c2002 | ||
| 490 |
_aRICS Management Consultancy News Release _v20 September 2002, (1) |
||
| 520 | _aProposals contained in a DTI consultation paper give information on the extension of the EU regulation on International Accounting Standards. A British extension to these rules will see privately owned UK business experiencing big changes in the way they account for some of their trade. This could have an effect on systems, processes and people involved in the underlying financial reporting process. For the background to the regulation: http://www.dti.gov.uk/cld/iasregulation.htm For RICS managment consultancy faculty: http://www.rics.org/ricscms/bin/show?class=News&template=/includes/shownews.html&id=3689&faculty=Management%20Consultancy&faculty=All%20Faculties | ||
| 590 | _aWB | ||
| 650 | _aDTI | ||
| 650 | _aINTERNATIONAL ACCOUNTING STANDARDS | ||
| 650 | _aACCOUNTS | ||
| 650 | _aFINANCIAL CONTROL | ||
| 650 | _aREGULATION | ||
| 690 | _aMANAGEMENT-BUSINESS MANAGEMENT-FINANCIAL MANAGEMENT | ||
| 942 | _n0 | ||
| 999 |
_c71190 _d71190 |
||